1192 1533 1959 1016 1059 1743 1728 1872 1916 1946 1732 1014 1768 1409 1427 1777 1098 1446 1599 1688 1859 1124 1280 1106 1809 1428 1991 1814 1908 1165 1709 1956 1251 1866 1864 1510 1985 1309 1631 1459 1467 1980 1329 1216 1015 1573 1324 1532 1930 1427 1951 1516 1571 1198 1241 1640 1545 1166 1412 1111 1765 1152 1212 1665 1081 1935 1028 1966 1277 1801 1822 1227 1061 1240 1776 1902 1036 1629 1739 1390 1385 1852 1777 1013 1982 1572 1255 1168 1192 1791 1761 1508 1747 1045 1431 1305 1761 1230 1974 BCNSPRNW ULIB Ver.6.0+V

เปลี่ยนเป็นภาษาไทย

Change to English
 แสดงรายละเอียดบรรณานุกรม
  กลับหน้าหลัก

Brief Record : Get Marc (ISO 2709) : E-mail record : QR code < ปิดหน้าต่าง
LEADER : 00000nam 2200000uu 4500
001    13399128955
003     ULIB
008    241101s2563||||th 000 0 tha d
020    ^a9786164434349
060 04 ^aWY20.5^bม124ก
100 0  ^aมณี อาภานันทิกุล
245 10 ^aการวิจัยปรากฏการณ์วิทยา :^bการประยุกต์ใช้ในการวิจัยทางการพยาบาล /^cมณีอาภานันทิกุล
246 31 ^aPhenomenology : an application in nursing research
250    ^aพิมพ์ครั้งที่ 1
260    ^aกรุงเทพฯ :^bโครงการตำรารามาธิบดีคณะแพทยศาสตร์โรงพยาบาลรามาธิบดี มหาวิทยามหิดล,^c2563
300    ^aix, 284 หน้า :^bภาพประกอบ ;^c27 ซม.
650  2 ^aPhenomenology
650  2 ^aNursing^xResearch
650  4 ^aปรากฏการณ์วิทยา
650  4 ^aการพยาบาล^vวิจัย
710 2  ^aมหาวิทยามหิดล.^bคณะแพทยศาสตร์โรงพยาบาลรามาธิบดี
856    ^a^zสารบัญ^uhttps://drive.google.com/file/d/1jAR-_9_oYfdUAJaSKTYSPQjejHyDVI0J/view?usp=share_link
945    ^p300^l0^i30364
945    ^p300^l0^i30365
999    ^aกัณชพร จุลอักษร
รายการนี้ยังไม่มีแท็ก
คุณยังไม่ได้ล็อกอิน คุณสามารถมีกิจกรรมร่วมกับเว็บไซต์ได้ แต่ต้องล็อกอินก่อน ::
  ล็อกอิน

รายการสื่อสารสนเทศ

ลำดับที่ ประเภท เลขเรียก/บาร์โค้ด สถานที่ สถานะ
1. วิทยาศาสตร์การแพทย์ และสุขภาพ
วิทยาศาสตร์การแพทย์ และสุขภาพ
WY20.5 ม124ก ฉ.1 
  Barcode: 30364
ห้องสมุดวิทยาเขตนครสวรรค์
►หนังสือทั่วไป:l:General Books
บนชั้น
2. วิทยาศาสตร์การแพทย์ และสุขภาพ
วิทยาศาสตร์การแพทย์ และสุขภาพ
WY20.5 ม124ก ฉ.2 
  Barcode: 30365
ห้องสมุดวิทยาเขตนครสวรรค์
►หนังสือทั่วไป:l:General Books
บนชั้น

รายการใกล้เคียง
    ผู้แต่ง [มณี อาภานันทิกุล]

    หัวเรื่อง [Phenomenology]
    หัวเรื่อง [Nursing Research]
    หัวเรื่อง [ปรากฏการณ์วิทยา]

BibComment


ยังไม่เคยถูกคอมเมนท์

คอมเมนท์ทรัพยากรรายการนี้
  คอมเมนท์: การวิจัยปรากฏการ..


 Copyright 2026. Bcnsprnw @Library